An introduction to the new hermeneutic. / (Record no. 18789)

MARC details
000 -LEADER
fixed length control field 00655nam a2200193 a 4500
003 - CONTROL NUMBER IDENTIFIER
control field PILC
005 - DATE AND TIME OF LATEST TRANSACTION
control field 20160306115543.0
008 - FIXED-LENGTH DATA ELEMENTS--GENERAL INFORMATION
fixed length control field 090319s1969 xx 00 eng d
010 ## - LIBRARY OF CONGRESS CONTROL NUMBER
LC control number Acc#40263
050 ## - LIBRARY OF CONGRESS CALL NUMBER
Classification number BS 2331
Item number Ac47 1969
040 ## - CATALOGING SOURCE
Transcribing agency Philippine Baptist Theological Seminary
100 10 - MAIN ENTRY--PERSONAL NAME
Personal name Achtemeier, Paul J
245 10 - TITLE STATEMENT
Title An introduction to the new hermeneutic. /
Statement of responsibility, etc. by Paul J. Achtemeier.
260 0# - PUBLICATION, DISTRIBUTION, ETC (IMPRINT)
Place of publication, distribution, etc. PA, Pennsylvania :
Name of publisher, distributor, etc. Westminster Press,
Date of publication, distribution, etc. c1969.
300 ## - PHYSICAL DESCRIPTION
Extent 190 p. ; 21 cm.
500 ## - GENERAL NOTE
General note Includes index
650 ## - SUBJECT ADDED ENTRY--TOPICAL TERM
Topical term or geographic name as entry element FUCHS, ERNST, 1905
General subdivision BIBLE N.T. - HERMENEUTICS
-- LANGUAGE & LANGUAGES - RELIGIOUS ASPECT
-- CHRISTIANITY
942 ## - ADDED ENTRY ELEMENTS (KOHA)
Koha item type Circulation Books
Source of classification or shelving scheme Library of Congress Classification
Holdings
Withdrawn status Lost status Source of classification or shelving scheme Damaged status Not for loan Home library Current library Shelving location Date acquired Total Checkouts Full call number Barcode Date last seen Price effective from Koha item type
    Dewey Decimal Classification     PBTS Library PBTS Library Circulation Section 03/19/2009   BS 2331 Ac47 1969 40263 03/05/2026 04/02/2015 Circulation Books

Philippine Baptist Theological Seminary | 19 Tacay Road, Central Guisad, Baguio City 2600, Philippines